000 02664cam a2200337 4500500
005 20260111112244.0
041 _afre
042 _adc
100 1 0 _aBonaminio, Vincenzo
_eauthor
245 0 0 _aÉlaboration imaginative
260 _c2015.
500 _a2
520 _aÀ travers la présentation d’un matériel clinique, tiré de l’analyse d’un patient de sept ans, fortement inhibé, l’auteur propose un examen du concept d’élaboration imaginative, central dans l’œuvre de Winnicott, mais très peu traité dans la littérature. Selon les indications de Winnicott et selon l’auteur l’élaboration imaginative est tout d’abord cette activité psychique qui se met en route pour essayer de combler, sans jamais y parvenir, l’écart entre le besoin du patient que son transfert soit pris en compte en priorité et la tentative de la part de l’analyste de l’accueillir, entre le « besoin du patient d’être connu dans toutes ses parties », et les obstacles qui entravent, chez l’analyste, sa capacité de rester vivant, éveillé et en bonne condition afin que cela puisse advenir.
520 _aThe author suggests, through the presentation of a clinical material extracted from the analysis of a seven years old patient, strongly inhibited, an examination of the concept of imaginative elaboration, which is a central concept in Winnicott’s work, but scarcely broached in the literature. According to Winnicott’s indications and to the author imaginative elaboration is primarily the psychic activity which starts up trying to fill up, without ever succeeding to do it, the gap between the patient’s need of making his/her transference be taken in first and the analyst’s attempt to receive it, the gap between “the patient’s need to be known in all his/her parts” and the obstacles which hinder for the analyst his/her capacity to keep himself/herself alive, awakened and in a condition allowing this to happen.
690 _aContre-transfert
690 _aCorps en psychothérapie
690 _aÉlaboration imaginative
690 _aIntégrité psyché-soma
690 _aSoi
690 _aTransfert
690 _aVécu commun
690 _aBody in psychotherapy
690 _aCommon experience
690 _aCountertransfrence
690 _aImaginative elaboration
690 _aPsycho-soma integrity
690 _aSelf
690 _aTransference
786 0 _nJournal de la psychanalyse de l'enfant | 5 | 2 | 2015-12-22 | p. 93-116 | 0994-7949
856 4 1 _uhttps://shs.cairn.info/revue-journal-de-la-psychanalyse-de-l-enfant-2015-2-page-93?lang=fr&redirect-ssocas=7080
999 _c1631913
_d1631913